LEADER 00695nam a2200205 i 4500 001 000000086254 003 CaOOAMICUS 005 20250625171305.0 008 180830s1969 xx u000 u und u 013 $a58494 040 $aSeMil$bita 100 1 $aCapuana, Luigi <1839-1915>.$0(OLS)http://semarc/name/7558 245 13$aIl Marchese di Roccaverdina. 260 $aMilano :$bGarzanti,$c1969. 300 $a271 p. 850 $aSeMil 852 $aSeMil$W1$xVenegono$y1$m60 52 3 *$j49982$B49982$CSeMilBibl$Z2$F53853 $81 996 $6245$aIl Marchese di Roccaverdina$9(OLS)http://semarc/title/132624 996 $6260$aMilano :$bGarzanti$9(OLS)http://semarc/publisher/29852 LEADER 01490nam a2200277 i 4500 001 000000163819 003 CaOOAMICUS 005 20250115135320.0 008 070820s2007 gw u000 u ger u 020 $a978-3-525-53085-6 040 $aSeMil$bita 100 1 $aWitulski, Thomas,$d<1964- >.$0(OLS)http://semarc/name/37424 245 14$aDie Johannesoffenbarung und Kaiser Hadrian :$bStudien zur Datierung der neutestamentlichen Apokalypse /$cThomas Witulski. 260 $aGöttingen :$bVandenhoeck & Ruprecht,$c2007. 300 $a415 p. ;$c24 cm. 490 0 $aForschungen zur Religion und Literatur des Alten und Neuen Testaments ;$v221 650 4$aBibbia. Nuovo Testamento. Apocalisse - Commentari, studi, critica, interpretazioni.$0(OLS)http://semarc/subject/1763 650 4$aBibbia - NT - Apocalisse - Datazione.$0(OLS)http://semarc/subject/31145 830 0$aForschungen zur Religion und Literatur des Alten und Neuen Testaments ;$v221.$0(OLS)http://semarc/title/298 850 $aSeMil 852 $aSeMil$W1$xVenegono$y1$m2XA S 221$j253850$B115113$CSeMilBibl$Z2$F125971 $81 961 $aSottoscrizione: Vandenhoeck & Ruprecht 996 $6020$a978-3-525-53085-6$9(OLS)http://semarc/number/149988 996 $6245$aDie Johannesoffenbarung und Kaiser Hadrian :$bStudien zur Datierung der neutestamentlichen Apokalypse$9(OLS)http://semarc/title/233733 996 $6260$aGöttingen :$bVandenhoeck & Ruprecht$9(OLS)http://semarc/publisher/29697